000 00944nam a22003257a 4500
001 BR2012005327
003 BR-BrBNA
005 20230928104029.0
007 ta
008 230509b bl.||||| |||| 00| 0 por d
040 _aBR-BrBNA
_bpor
_cBiblioteca Nacional de Agricultura
041 _a(Por)
072 _aE16
090 _ E16 BR2012005327
110 1 _aServiço Nacional de Aprendizagem Rural, Campo Grande, MS (Brasil)
_99461
245 1 _aAgroalimento 2010: o anuário da produção agrícola e pecuária de Mato Grosso do Sul
260 3 _aCampo Grande, MS (Brasil):
_c2010.
300 _a208 p.
650 _aPRODUÇÃO AGRÍCOLA
650 _aPRODUÇÃO ANIMAL
650 _aESTATÍSTICA
650 _aAGRONEGÓCIO
650 _aMATO GROSSO DO SUL
650 _aCUSTO DE PRODUÇÃO
650 _aABATE
650 _aEXPORTAÇÃO
650 _aCOTAÇÃO
909 _a202309
_bLucia
_c55
_dLucia Elande
942 _cBK
999 _c77774
_d77774